000 00755nam a2200205 a 4500
001 000044591
005 20201002045502.0
008 140721s1989 sp 000 0 spa d
020 _a8429729100
040 _aDO-SdBNP
_bspa
_cBNPHU
082 _axxxx
_bxxxx
100 1 _aBerger, Peter L.
_972620
245 1 3 _aLa revolución capitalista :
_bcincuenta proposiciones sobre la prosperidad, la igualdad y la libertad /
_cPeter L. Berger ; traducción de Agustín Aguilar.
260 _aBarcelona :
_bPenínsula,
_c1989.
300 _a307 p. ;
_c20 cm.
490 1 _aPenínsula/ideas
_v8
500 _aIncluye datos biográficos del autor en la solapa de la contracubierta
700 1 2 _aAguilar, Agustín
_etr.
_972621
830 0 _aPenínsula/ideas
_n8
_972622
999 _c44080
_d44080